| 000 | 00599nam a22001937a 4500 | ||
|---|---|---|---|
| 003 | BD-DhJNU | ||
| 005 | 20250624054346.0 | ||
| 008 | 250624b |||||||| |||| 00| 0 eng d | ||
| 020 | _a9840514539 | ||
| 040 |
_aBD-DhJNU _bENG _cBD-DhJNU _dBD-DhJNU |
||
| 082 |
_223 _a321.8 HAR |
||
| 100 | _aHasanuzzaman, Al Masud | ||
| 245 |
_aRole of opposition in Bangladesh politics / _cAl Masud Hasanuzzaman |
||
| 260 |
_aDhaka : _bThe University Press, _c1998. |
||
| 300 |
_axi, 268p. : _bill.; _c23 cm. |
||
| 504 | _aIncludes bibliography and index | ||
| 650 |
_aDemocracy _xBangladesh |
||
| 942 |
_2ddc _cBK _n0 |
||
| 999 |
_c1820 _d1820 |
||